000 00362nam a2200145Ia 4500
008 230711s9999||||xx |||||||||||||| ||und||
041 _aENG
082 _a621
_bRE-E
100 _aReissland,Martin U
245 0 _aElectrical measurements
250 _a1st Ed.
260 _c1989
_aNew Delhi
_bWiley Eastern Limited
650 _aElectrical Engineering
942 _cBK
999 _c703
_d703